1439 1518 1352 1270 1098 1673 1986 1103 1455 1117 1138 1135 1945 1795 1776 1980 1723 1882 1556 1945 1922 1874 1837 1376 1371 1739 1384 1685 1071 1816 1330 1061 1293 1128 1095 1503 1691 1925 1354 1820 1794 1234 1432 1505 1399 1351 1117 1782 1356 1259 1984 1468 1138 1201 1693 1216 1580 1663 1370 1516 1490 1498 1279 1017 1190 1086 1038 1848 1948 1668 1070 1126 1335 1662 1958 1474 1044 1054 1253 1959 1348 1618 1601 1563 1514 1188 1115 1234 1103 1155 1074 1509 1602 1443 1636 1299 1448 1370 1382 BCNSPRNW ULIB Ver.6.0+V

เปลี่ยนเป็นภาษาไทย

Change to English
 แสดงรายละเอียดบรรณานุกรม
  กลับหน้าหลัก

Brief Record : Get Marc (ISO 2709) : E-mail record : QR code < ปิดหน้าต่าง
LEADER : 00000nam 2200000uu 4500
001    13399120945
003     ULIB
008    121026s2551||||th 000 0 tha d
020    ^a9789744140517
040    ^acl
050  4 ^aHF5549.5.M3^bด123บ
100 0  ^aดนัย เทียนพุฒ
245 10 ^aบริหารคนในทศวรรษหน้า =^bHR : the next decade /^cโดย ดนัย เทียนพุฒ
246 31 ^aHR : the next decade
250    ^aพิมพ์ครั้งที่ 4
260    ^aกรุงเทพฯ :^bเอ็กซเปอร์เน็ท,^c2551
300    ^a266 หน้า :^bภาพประกอบ ;^c21 ซม.
650  4 ^aการพัฒนากำลังคน
650  4 ^aการพัฒนาทรัพยากรมนุษย์
650  4 ^aการวางแผนกำลังคน
945    ^p200^l0^i16200
995    ^aทศพร
999    ^aทศพร เกษรทอง
รายการนี้ยังไม่มีแท็ก
คุณยังไม่ได้ล็อกอิน คุณสามารถมีกิจกรรมร่วมกับเว็บไซต์ได้ แต่ต้องล็อกอินก่อน ::
  ล็อกอิน

รายการสื่อสารสนเทศ

ลำดับที่ ประเภท เลขเรียก/บาร์โค้ด สถานที่ สถานะ
1. วิทยาศาสตร์การแพทย์ และสุขภาพ
วิทยาศาสตร์การแพทย์ และสุขภาพ
HF5549.5.M3 ด123บ ฉ.1 
  Barcode: 16200
ห้องสมุดวิทยาเขตสวรรค์ประชารักษ์
►หนังสือทั่วไป
บนชั้น

รายการใกล้เคียง
    ผู้แต่ง [ดนัย เทียนพุฒ]

    หัวเรื่อง [การพัฒนากำลังคน]
    หัวเรื่อง [การพัฒนาทรัพยากรมนุษย์]
    หัวเรื่อง [การวางแผนกำลังคน]

BibComment


ยังไม่เคยถูกคอมเมนท์

คอมเมนท์ทรัพยากรรายการนี้
  คอมเมนท์: บริหารคนในทศวรรษ..


 Copyright 2026. Bcnsprnw @Library